00701nam a22001937a 4500003000400000005001700004008004100021017004300062020001800105040001400123100001900137245010400156260004300260300002600303650005500329650002600384651004800410700004900458OSt20160426125409.0160426s2015 sp |||| 000 0 spa|d aDL B 907-2015bBiblioteca de Catalunya a9788416213191 bcatcCDMR1 aAssia, Augusto10aCuando yunque, yunque ;bCuando martillo, martillo cAugusto Assía ; prólogo de Ignacio Peyró aBarcelona bLibros del Asteroidec2015 aXXII, 476 p. ;c22 cm 0aGuerra Mundial II, 1939-1945zGran Bretanya2lemac04aReportatges literaris 4aGran BretanyaxVida social i costumsyS. XX1 aAssía, Augusto.tCuando martillo, martillo